000 00295nam a22001337a 4500
020 _a817826351-3
082 _a823
_bHAR/W
100 _aTHOMAS HARDY
245 _aWESSEX TALES
260 _aDELHI
_bROHAN BOOK COMPANY
_c2003
300 _a223
650 _aMODERN ILLUSTRATED CLASSICS
942 _cBK
999 _c346
_d346